BoJack Horseman - Back in the '90s Lyrics - Statistics

General Stats
  • This quiz has been taken 101 times
  • The average score is 6 of 9
Answer Stats
Hint Answer % Correct
Back in the '90s I was in a very famous TV show
95%
I'm BoJack the horse
92%
BoJack the horse don't act like you don't know
71%
BoJack
55%
That I'm more horse than a man
54%
Or I'm more man than a horse
48%
It's been so long I don't think I'm gonna last
47%
And I'm trying to hold on to my past
46%
I guess I'll just try and make you understand
44%
No matching quizzes found
Score Distribution
Percent of People with Each Score
Percentile by Number Answered
Your Score History
You have not taken this quiz